[Event "London Classic Super rapid 8th"]
[Site "London"]
[Date "2016.12.18"]
[Round "10"]
[White "Hawkins, Jonathan J"]
[Black "Safarli, Eltaj"]
[Result "0-1"]
[WhiteElo "2590"]
[BlackElo "2691"]
[PlyCount "124"]
[EventDate "2016.12.17"]
[EventType "swiss (rapid)"]
[EventRounds "10"]
[EventCountry "ENG"]
[SourceTitle "CBM 176 Extra"]
[Source "ChessBase"]
[SourceDate "2017.03.02"]
[SourceVersion "1"]
[SourceVersionDate "2017.03.02"]
[SourceQuality "1"]

1. d4 Nf6 2. c4 g6 3. Nc3 d5 4. Nf3 Bg7 5. Qb3 dxc4 6. Qxc4 0-0 7. e4 Be6 8. Qe2 c5 9. d5 Bg4 10. Bf4 Nbd7 11. Qd2 a6 12. Be2 b5 13. Qc2 c4 14. 0-0 Nc5 15. Be3 Rc8 16. Bxc5 Rxc5 17. Ne5 Bxe2 18. Qxe2 Qc7 19. Nc6 e6 20. Nb4 Qb6 21. Rfd1 Re8 22. Qe3 Ng4 23. Qf4 Ne5 24. dxe6 fxe6 25. Qe3 Rec8 26. Rab1 a5 27. Nc2 Nd3 28. Ne1 Nxe1 29. Rxe1 Qc6 30. f4 b4 31. Ne2 Rd8 32. e5 Rd3 33. Qf2 Rcd5 34. Kh1 Rd2 35. Qf3 Rc5 36. Qh3 h5 37. Ng3 Rcd5 38. Ne4 Rc2 39. Qf3 Qd7 40. Qg3 Kh7 41. Qg5 Qf7 42. Rf1 Qf5 43. Rfe1 Kg8 44. Qe7 Qf7 45. Qg5 Qf5 46. Qe7 Qf7 47. Qg5 Kh7 48. Kg1 Rd4 49. Re3 Qf5 50. Qxf5 exf5 51. Ng5+ Kg8 52. e6 Rd8 53. e7 Re8 54. Rd1 Bf6 55. Rd8 Rxd8 56. exd8Q+ Bxd8 57. Re8+ Kg7 58. Rxd8 Rxb2 59. Rc8 c3 60. Rc7+ Kf8 61. Ne6+ Kg8 62. a3 c2 0-1